000
00274nam a2200097Ia 4500
001
1047820
005
20250826232242.0
008
250824s9999 xx 000 0 und d
245
0
_a
İSLAMİ YENİDEN DOĞUŞUN MESELELERİ
_c
ALİYA İZZETBEGOVİÇ
260
_b
KETEBE YAYINLARI
999
_c
1047820
_d
1047820